| 000 | 02084nam a22005417a 4500 | ||
|---|---|---|---|
| 999 |
_c1460 _d1460 |
||
| 003 | AR-CdUCM | ||
| 008 | 190227b ||||| |||| 00| 0 spa d | ||
| 040 |
_aMUNICIPALIDAD PROVINCIAL DEL CUSCO _cBIBLIOTECA MUNICIPAL DEL CUSCO |
||
| 082 |
_a985.61 / _bC23 |
||
| 100 |
_aCalvo C., Rosano (Compilador y editor) _95522 |
||
| 245 |
_aSan Sebastián : _baspectos de patrimonio, historia, etnología y folklore / |
||
| 260 |
_aCusco : _bRosano Calvo C. _bMuniciapalidad Distrital de San Sebastián, _c2005. |
||
| 300 |
_a244 páginas ; _c20.5 cm. |
||
| 500 | _aContiene dedicatoria del autor. | ||
| 505 | _aContiene: Aspectos de historia y patrimonio -- Aspectos folklóricos del centro histórico -- Aspectos de la cultura popular mestiza -- Tipología arqueitectónica de las casas ... | ||
| 650 |
_aHistoria _9136 |
||
| 650 |
_aAntropología _9878 |
||
| 650 |
_aTradición _92713 |
||
| 650 |
_aPatrimonio _95523 |
||
| 650 |
_aSan Sebastián - Cisco _95524 |
||
| 650 |
_aPerú _935 |
||
| 700 |
_a Crucinta Ugarte, Eleazar _95525 |
||
| 700 |
_aUriel García, José _94176 |
||
| 700 |
_aCovarrubias P., Jesús M. _95526 |
||
| 700 |
_aMesa, José de _91082 |
||
| 700 |
_aGisbert, Teresa _91086 |
||
| 700 |
_aBallesteros, M. _95527 |
||
| 700 |
_aGamarra, José L. _95528 |
||
| 700 |
_aVargas M., Felipe _95529 |
||
| 700 |
_aAguilar, Leonidas _95530 |
||
| 700 |
_aNúñez del Prado, Oscar _95531 |
||
| 700 |
_aMoscoso Maximiliano _95532 |
||
| 700 |
_aMuelle, José C. _95533 |
||
| 700 |
_aEsquivel Tecsi, Ernestina _95534 |
||
| 700 |
_aSalceso Mayta, Vianné _95535 |
||
| 700 |
_aDiario "El sol" _95536 |
||
| 700 |
_aDiario "El comercio" _95537 |
||
| 700 |
_aVelásquez C., Sergio A. _95538 |
||
| 700 |
_aInca Roca Concha, Teresa _95539 |
||
| 700 |
_aHuayhuaca V., Luis _95540 |
||
| 700 |
_aCalvo Díaz, B. Paola _95541 |
||
| 700 |
_aCarmelino P., Edgar _95542 |
||
| 700 |
_aBezold F., Angie _95543 |
||
| 700 |
_aGutierrez, Ramón _95544 |
||
| 710 |
_aMUNICIPALIDAD DISTRITAL DE SAN SEBASTIÁN _95545 |
||
| 942 |
_2ddc _cLIBROS |
||
| 945 |
_alccs _d2019-02-27 |
||